Rozsypanka literowa - polscy skoczkowie narciarscy - Statystyki

Ogólne statystyki
  • Ten quiz został rozwiązany 71 razy
  • Średni wynik to 13 z 20
Statystyki odpowiedzi
Skoczek narciarski % Poprawnych
Kot
95%
Wąsek
92%
Żyła
88%
Czyż
87%
Stoch
85%
Wolny
82%
Murańka
80%
Kubacki
72%
Pilch
72%
Ziobro
67%
Miętus
65%
Zniszczoł
65%
Krzak
62%
Stękała
60%
Biegun
55%
Kłusek
50%
Niżnik
50%
Habdas
48%
Juroszek
33%
Kantyka
28%
Nie znaleziono quizów pasujących do podanych kryteriów
Rozkład punktacji
Procent ludzi z każdym wynikiem
Percentyl według liczby udzielonych odpowiedzi
Twoja historia wyników
Nie rozwiązałeś tego quizu